Computer architecture : (Record no. 587500)

000 -LEADER
fixed length control field 01362cam a2200349 a 4500
001 - CONTROL NUMBER
control field 3034650
003 - CONTROL NUMBER IDENTIFIER
control field NUST
005 - DATE AND TIME OF LATEST TRANSACTION
control field 20220105154554.0
008 - FIXED-LENGTH DATA ELEMENTS--GENERAL INFORMATION
fixed length control field 950807s1996 caua b 001 0 eng
010 ## - LIBRARY OF CONGRESS CONTROL NUMBER
LC control number 95037027
020 ## - INTERNATIONAL STANDARD BOOK NUMBER
International Standard Book Number 1558603298 (cloth)
020 ## - INTERNATIONAL STANDARD BOOK NUMBER
International Standard Book Number 1558603727 (paper)
038 ## - RECORD CONTENT LICENSOR
Staff Name Waseem
040 ## - CATALOGING SOURCE
Original cataloging agency DLC
Transcribing agency DLC
Modifying agency DLC
050 00 - LIBRARY OF CONGRESS CALL NUMBER
Classification number QA76.9.A73
Item number P377 1996
082 00 - DEWEY DECIMAL CLASSIFICATION NUMBER
Classification number 004.22
Author Mark HEN
100 1# - MAIN ENTRY--PERSONAL NAME
Personal name Patterson, David A.
9 (RLIN) 87282
245 10 - TITLE STATEMENT
Title Computer architecture :
Remainder of title a quantitative approach /
Statement of responsibility, etc. David A. Patterson, John L. Hennessy ; with a contribution by David Goldberg.
250 ## - EDITION STATEMENT
Edition statement 2nd ed.
260 ## - PUBLICATION, DISTRIBUTION, ETC.
Place of publication, distribution, etc. San Francisco :
Name of publisher, distributor, etc. Morgan Kaufmann Publishers,
Date of publication, distribution, etc. 1996.
300 ## - PHYSICAL DESCRIPTION
Extent 1 v. (various pagings) :
Other physical details ill. ;
Dimensions 25 cm.
504 ## - BIBLIOGRAPHY, ETC. NOTE
Bibliography, etc. note Includes bibliographical references and index.
563 ## - BINDING INFORMATION
Binding note HBK.
650 #0 - SUBJECT ADDED ENTRY--TOPICAL TERM
Topical term or geographic name entry element Computer architecture.
9 (RLIN) 87283
700 1# - ADDED ENTRY--PERSONAL NAME
Personal name Hennessy, John L.
9 (RLIN) 87284
700 1# - ADDED ENTRY--PERSONAL NAME
Personal name Goldberg, David,
Dates associated with a name 1954-
9 (RLIN) 87285
856 42 - ELECTRONIC LOCATION AND ACCESS
Materials specified Publisher description
Uniform Resource Identifier <a href="http://www.loc.gov/catdir/description/els032/95037027.html">http://www.loc.gov/catdir/description/els032/95037027.html</a>
856 41 - ELECTRONIC LOCATION AND ACCESS
Materials specified Table of contents
Uniform Resource Identifier <a href="http://www.loc.gov/catdir/toc/els032/95037027.html">http://www.loc.gov/catdir/toc/els032/95037027.html</a>
906 ## - LOCAL DATA ELEMENT F, LDF (RLIN)
a 7
b cbc
c orignew
d 1
e ocip
f 19
g y-gencatlg
942 ## - ADDED ENTRY ELEMENTS (KOHA)
Source of classification or shelving scheme
Koha item type Book
Holdings
Withdrawn status Lost status Source of classification or shelving scheme Damaged status Not for loan Permanent Location Current Location Shelving location Date acquired Source of acquisition Total Checkouts Full call number Barcode Date last seen Price effective from Koha item type
          Central Library (CL) Central Library (CL) First Floor - Computer Science 01/05/2022 Donated by Col Khalid Mahmood   004.22 HEN CL-D-1415 01/05/2022 01/05/2022 Book
© 2023 Central Library, National University of Sciences and Technology. All Rights Reserved.